| 000 | aam a22 a 4500 | ||
|---|---|---|---|
| 999 |
_c1602 _d1602 |
||
| 003 | AKMAL | ||
| 005 | 20170511101918.0 | ||
| 008 | 170511s19829999my 96996 my d 00 may | ||
| 020 | _a9812043586 | ||
| 040 | _aAKMAL | ||
| 082 | 0 | 4 | _a323.1595 MAH |
| 090 | 0 | 0 |
_a323.1595 _bMAH |
| 100 | 1 |
_aMahathir Mohamad, _cTun, _d1925- _941 |
|
| 245 | 1 | 0 |
_aDilema Melayu / _cMahathir bin Mohamad ; diterjemahkan oleh Ibrahim bin Saad |
| 260 |
_aKuala Lumpur : _bFederal Pub. , _c1982 |
||
| 300 | 0 | 0 |
_avii, 222ms. ; _c21cm. |
| 651 | 0 |
_aMalaysia _xRace relations _9227 |
|
| 700 | 0 |
_aIbrahim bin Saad, _etr. _93254 |
|
| 942 |
_2ddc _cBOOK |
||